[Event "DEM U14w 2025"]
[Site "Willingen GER"]
[Date "2025.06.14"]
[Round "9"]
[White "Huang, Jasmin Shuya"]
[Black "Baklan, Kira"]
[Result "0-1"]
[Termination "normal"]
[Board "10"]
[WhiteElo "1795"]
[BlackElo "1548"]
[WhiteClock "00:30:40"]
[BlackClock "01:19:36"]
[PlyCount "116"]
[WhiteFideId "533015694"]
[BlackFideId "34186514"]
[EventCountry "GER"]
[EventRounds "9"]
[EventType "swiss"]
[EventDate "2025.06.07"]

1. e4 {[%clk 01:30:59]} e6 {[%clk 01:30:54]} {[%emt 00:00:06]} 2. d4 {[%clk
01:31:26]} {[%emt 00:00:03]} d5 {[%clk 01:31:20]} {[%emt 00:00:04]} 3. exd5
{[%clk 01:31:53]} {[%emt 00:00:03]} exd5 {[%clk 01:31:47]} {[%emt 00:00:04]} 4.
Nf3 {[%clk 01:32:20]} {[%emt 00:00:03]} Nf6 {[%clk 01:32:02]} {[%emt 00:00:14]}
5. Bg5 {[%clk 01:32:45]} {[%emt 00:00:06]} Be7 {[%clk 01:32:24]} {[%emt
00:00:08]} 6. Bd3 {[%clk 01:33:09]} {[%emt 00:00:06]} Bg4 {[%clk 01:31:46]}
{[%emt 00:01:08]} 7. Nbd2 {[%clk 01:33:09]} {[%emt 00:00:30]} O-O {[%clk
01:31:10]} {[%emt 00:01:06]} 8. O-O {[%clk 01:33:32]} {[%emt 00:00:07]} Nbd7
{[%clk 01:28:24]} {[%emt 00:03:16]} 9. c3 {[%clk 01:33:45]} {[%emt 00:00:17]}
c5 {[%clk 01:27:10]} {[%emt 00:01:44]} 10. Qc2 {[%clk 01:25:35]} {[%emt
00:08:39]} h6 {[%clk 01:25:17]} {[%emt 00:02:23]} 11. Bh4 {[%clk 01:25:19]}
{[%emt 00:00:45]} Rc8 {[%clk 01:22:36]} {[%emt 00:03:11]} 12. h3 {[%clk
01:19:58]} {[%emt 00:05:52]} Be6 {[%clk 01:20:34]} {[%emt 00:02:32]} 13. Rae1
{[%clk 01:10:34]} {[%emt 00:09:54]} Re8 {[%clk 01:12:36]} {[%emt 00:08:29]} 14.
Rc1 {[%clk 00:57:09]} {[%emt 00:13:55]} cxd4 {[%clk 01:09:25]} {[%emt
00:03:40]} 15. Nxd4 {[%clk 00:57:10]} {[%emt 00:00:29]} Ne5 {[%clk 01:06:17]}
{[%emt 00:03:38]} 16. Bf5 {[%clk 00:48:08]} {[%emt 00:09:32]} Bxf5 {[%clk
01:04:09]} {[%emt 00:02:38]} 17. Nxf5 {[%clk 00:43:13]} {[%emt 00:05:25]} Ng6
{[%clk 01:02:12]} {[%emt 00:02:27]} 18. Bg3 {[%clk 00:42:17]} {[%emt 00:01:27]}
Ne4 {[%clk 00:58:08]} {[%emt 00:04:33]} 19. Nxe4 {[%clk 00:40:30]} {[%emt
00:02:17]} dxe4 {[%clk 00:58:28]} {[%emt 00:00:10]} 20. Qxe4 {[%clk 00:38:20]}
{[%emt 00:02:41]} Bg5 {[%clk 00:57:06]} {[%emt 00:01:52]} 21. Qc2 {[%clk
00:28:31]} {[%emt 00:10:18]} Bxc1 {[%clk 00:56:23]} {[%emt 00:01:13]} 22. Nd6
{[%clk 00:28:47]} {[%emt 00:00:14]} Bg5 {[%clk 00:55:34]} {[%emt 00:01:19]} 23.
Nxb7 {[%clk 00:22:43]} {[%emt 00:06:34]} Qf6 {[%clk 00:54:18]} {[%emt
00:01:46]} 24. Nd6 {[%clk 00:22:24]} {[%emt 00:00:50]} Bf4 {[%clk 00:53:40]}
{[%emt 00:01:07]} 25. Nxe8 {[%clk 00:21:23]} {[%emt 00:01:31]} Rxe8 {[%clk
00:54:05]} {[%emt 00:00:05]} 26. Bxf4 {[%clk 00:19:11]} {[%emt 00:02:42]} Nxf4
{[%clk 00:54:22]} {[%emt 00:00:13]} 27. Rd1 {[%clk 00:16:49]} {[%emt 00:02:52]}
Qg5 {[%clk 00:53:10]} {[%emt 00:01:42]} 28. g3 {[%clk 00:13:48]} {[%emt
00:03:31]} Re2 {[%clk 00:52:07]} {[%emt 00:01:33]} 29. h4 {[%clk 00:08:47]}
{[%emt 00:05:31]} Rxc2 {[%clk 00:50:28]} {[%emt 00:02:09]} 30. hxg5 {[%clk
00:09:10]} {[%emt 00:00:08]} Nh3+ {[%clk 00:50:36]} {[%emt 00:00:22]} 31. Kg2
{[%clk 00:09:10]} {[%emt 00:00:29]} Nxg5 {[%clk 00:49:40]} {[%emt 00:01:27]}
32. Rd8+ {[%clk 00:07:38]} {[%emt 00:02:02]} Kh7 {[%clk 00:50:01]} {[%emt
00:00:08]} 33. Rd7 {[%clk 00:07:49]} {[%emt 00:00:19]} Rxb2 {[%clk 00:50:08]}
{[%emt 00:00:23]} 34. Rxa7 {[%clk 00:08:06]} {[%emt 00:00:14]} Rc2 {[%clk
00:50:34]} {[%emt 00:00:04]} 35. g4 {[%clk 00:05:51]} {[%emt 00:02:44]} Rxc3
{[%clk 00:50:53]} {[%emt 00:00:11]} 36. f4 {[%clk 00:06:07]} {[%emt 00:00:14]}
Ne4 {[%clk 00:50:07]} {[%emt 00:01:15]} 37. Re7 {[%clk 00:05:32]} {[%emt
00:01:07]} Nd6 {[%clk 00:49:43]} {[%emt 00:00:54]} 38. Rd7 {[%clk 00:05:34]}
{[%emt 00:00:27]} Rc6 {[%clk 00:49:37]} {[%emt 00:00:37]} 39. a4 {[%clk
00:05:04]} {[%emt 00:01:01]} Kg6 {[%clk 00:49:43]} {[%emt 00:00:22]} 40. a5
{[%clk 00:04:39]} {[%emt 00:00:57]} Ra6 {[%clk 00:49:23]} {[%emt 00:00:49]} 41.
Kf3 {[%clk 00:04:16]} {[%emt 00:00:52]} Nc4 {[%clk 00:49:15]} {[%emt 00:00:39]}
42. f5+ {[%clk 00:03:20]} {[%emt 00:01:25]} Kf6 {[%clk 00:48:37]} {[%emt
00:01:06]} 43. Kf4 {[%clk 00:02:49]} {[%emt 00:01:03]} Nxa5 {[%clk 00:48:34]}
{[%emt 00:00:34]} 44. Rd4 {[%clk 00:01:55]} {[%emt 00:01:24]} Nb3 {[%clk
00:48:08]} {[%emt 00:00:56]} 45. Rb4 {[%clk 00:01:31]} {[%emt 00:00:52]} Nc5
{[%clk 00:48:22]} {[%emt 00:00:18]} 46. Rd4 {[%clk 00:01:35]} {[%emt 00:00:25]}
Ra4 {[%clk 00:48:40]} {[%emt 00:00:13]} 47. Rxa4 {[%clk 00:01:42]} {[%emt
00:00:23]} Nxa4 {[%clk 00:49:07]} {[%emt 00:00:03]} 48. Kf3 {[%clk 00:00:36]}
{[%emt 00:01:36]} Kg5 {[%clk 00:49:22]} {[%emt 00:00:14]} 49. Kg3 {[%clk
00:30:20]} {[%emt 00:00:47]} Nc5 {[%clk 01:19:44]} {[%emt 00:00:08]} 50. Kf3
{[%clk 00:30:27]} {[%emt 00:00:21]} Nd7 {[%clk 01:19:49]} {[%emt 00:00:28]} 51.
Kg3 {[%clk 00:30:46]} {[%emt 00:00:10]} Nf6 {[%clk 01:19:54]} {[%emt 00:00:25]}
52. Kh3 {[%clk 00:30:31]} {[%emt 00:00:44]} Nxg4 {[%clk 01:20:03]} {[%emt
00:00:22]} 53. Kg3 {[%clk 00:30:53]} {[%emt 00:00:08]} h5 {[%clk 01:18:47]}
{[%emt 00:01:46]} 54. Kh3 {[%clk 00:30:59]} {[%emt 00:00:23]} Kxf5 {[%clk
01:18:58]} {[%emt 00:00:20]} 55. Kh4 {[%clk 00:31:13]} {[%emt 00:00:16]} Ke4
{[%clk 01:19:00]} {[%emt 00:00:26]} 56. Kxh5 {[%clk 00:30:59]} {[%emt
00:00:46]} f5 {[%clk 01:19:22]} {[%emt 00:00:08]} 57. Kh4 {[%clk 00:30:35]}
{[%emt 00:00:54]} Ke3 {[%clk 01:19:37]} {[%emt 00:00:14]} 58. Kg3 {[%clk
00:30:40]} {[%emt 00:00:25]} f4 {[%clk 01:19:36]} {[%emt 00:00:31]} 0-1

[Event "DEM U14w 2025"]
[Site "Willingen GER"]
[Date "2025.06.14"]
[Round "9"]
[White "Mader, Theresa"]
[Black "Briese, Sophie"]
[Result "1-0"]
[Termination "normal"]
[Board "11"]
[WhiteElo "1592"]
[BlackElo "1499"]
[WhiteClock "00:47:17"]
[BlackClock "00:46:28"]
[PlyCount "69"]
[WhiteFideId "34605657"]
[BlackFideId "34660305"]
[EventCountry "GER"]
[EventRounds "9"]
[EventType "swiss"]
[EventDate "2025.06.07"]

1. Nf3 {[%clk 01:30:58]} {[%emt 00:00:01]} Nf6 {[%clk 01:30:45]} {[%emt
00:00:15]} 2. g3 {[%clk 01:31:11]} {[%emt 00:00:16]} d5 {[%clk 01:30:36]}
{[%emt 00:00:40]} 3. Bg2 {[%clk 01:31:29]} {[%emt 00:00:12]} e6 {[%clk
01:30:32]} {[%emt 00:00:34]} 4. O-O {[%clk 01:31:33]} {[%emt 00:00:26]} Be7
{[%clk 01:30:23]} {[%emt 00:00:39]} 5. d3 {[%clk 01:31:42]} {[%emt 00:00:20]}
c5 {[%clk 01:30:11]} {[%emt 00:00:43]} 6. Nbd2 {[%clk 01:31:40]} {[%emt
00:00:33]} Nc6 {[%clk 01:29:11]} {[%emt 00:01:29]} 7. e4 {[%clk 01:31:43]}
{[%emt 00:00:27]} O-O {[%clk 01:28:37]} {[%emt 00:01:04]} 8. e5 {[%clk
01:31:55]} {[%emt 00:00:18]} Nd7 {[%clk 01:29:00]} {[%emt 00:00:08]} 9. Re1
{[%clk 01:32:14]} {[%emt 00:00:11]} b5 {[%clk 01:29:00]} {[%emt 00:00:29]} 10.
Nf1 {[%clk 01:32:21]} {[%emt 00:00:23]} a5 {[%clk 01:28:30]} {[%emt 00:01:01]}
11. h4 {[%clk 01:32:28]} {[%emt 00:00:21]} Rb8 {[%clk 01:25:00]} {[%emt
00:04:01]} 12. Bf4 {[%clk 01:32:23]} {[%emt 00:00:35]} c4 {[%clk 01:23:38]}
{[%emt 00:01:52]} 13. Ne3 {[%clk 01:29:55]} {[%emt 00:02:58]} d4 {[%clk
01:20:36]} {[%emt 00:03:32]} 14. Ng4 {[%clk 01:28:39]} {[%emt 00:01:46]} c3
{[%clk 01:19:41]} {[%emt 00:01:25]} 15. b3 {[%clk 01:27:30]} {[%emt 00:01:39]}
a4 {[%clk 01:18:54]} {[%emt 00:01:18]} 16. Ng5 {[%clk 01:25:33]} {[%emt
00:02:25]} Bb7 {[%clk 01:16:46]} {[%emt 00:02:39]} 17. Be4 {[%clk 01:18:07]}
{[%emt 00:07:56]} h6 {[%clk 01:12:51]} {[%emt 00:04:25]} 18. Nh3 {[%clk
01:17:28]} {[%emt 00:01:09]} Na5 {[%clk 01:11:29]} {[%emt 00:01:52]} 19. Bxb7
{[%clk 01:14:43]} {[%emt 00:03:16]} Rxb7 {[%clk 01:10:59]} {[%emt 00:01:00]}
20. Nxh6+ {[%clk 01:12:30]} {[%emt 00:02:42]} gxh6 {[%clk 00:55:12]} {[%emt
00:16:15]} 21. Bxh6 {[%clk 01:12:32]} {[%emt 00:00:30]} Bf6 {[%clk 00:53:22]}
{[%emt 00:02:20]} 22. exf6 {[%clk 01:08:09]} {[%emt 00:04:53]} Qxf6 {[%clk
00:52:19]} {[%emt 00:01:33]} 23. Qg4+ {[%clk 01:04:20]} {[%emt 00:04:19]} Kh8
{[%clk 00:50:53]} {[%emt 00:01:55]} 24. Bxf8 {[%clk 01:01:18]} {[%emt
00:03:33]} Nxf8 {[%clk 00:49:59]} {[%emt 00:01:23]} 25. Qh5+ {[%clk 01:00:25]}
{[%emt 00:01:23]} Kg8 {[%clk 00:48:50]} {[%emt 00:01:39]} 26. Qg5+ {[%clk
00:58:58]} {[%emt 00:01:58]} Qg6 {[%clk 00:48:38]} {[%emt 00:00:42]} 27. bxa4
{[%clk 00:53:57]} {[%emt 00:05:32]} Qxg5 {[%clk 00:47:48]} {[%emt 00:01:19]}
28. Nxg5 {[%clk 00:53:56]} {[%emt 00:00:30]} bxa4 {[%clk 00:48:03]} {[%emt
00:00:16]} 29. Rab1 {[%clk 00:52:23]} {[%emt 00:02:03]} Rb2 {[%clk 00:48:11]}
{[%emt 00:00:23]} 30. Rxb2 {[%clk 00:51:55]} {[%emt 00:00:57]} cxb2 {[%clk
00:48:34]} {[%emt 00:00:08]} 31. a3 {[%clk 00:52:06]} {[%emt 00:00:19]} Nc6
{[%clk 00:47:07]} {[%emt 00:01:56]} 32. Rb1 {[%clk 00:51:49]} {[%emt 00:00:46]}
Ng6 {[%clk 00:46:50]} {[%emt 00:00:47]} 33. Rxb2 {[%clk 00:50:41]} {[%emt
00:01:39]} Kg7 {[%clk 00:46:17]} {[%emt 00:01:02]} 34. Rb7 {[%clk 00:49:30]}
{[%emt 00:01:41]} Nge7 {[%clk 00:46:28]} {[%emt 00:00:18]} 35. Kg2 {[%clk
00:47:17]} {[%emt 00:02:45]} 1-0

[Event "DEM U14w 2025"]
[Site "Willingen GER"]
[Date "2025.06.14"]
[Round "9"]
[White "Frenzel, Qorianka"]
[Black "Werner, Amelie"]
[Result "1/2-1/2"]
[Termination "normal"]
[Board "13"]
[WhiteElo "1650"]
[BlackElo "1544"]
[WhiteClock "01:01:25"]
[BlackClock "01:04:49"]
[PlyCount "42"]
[WhiteFideId "276294"]
[BlackFideId "34639900"]
[EventCountry "GER"]
[EventRounds "9"]
[EventType "swiss"]
[EventDate "2025.06.07"]

1. e4 {[%clk 01:30:54]} {[%emt 00:00:05]} c5 {[%clk 01:30:48]} {[%emt
00:00:13]} 2. Nf3 {[%clk 01:31:19]} {[%emt 00:00:05]} Nc6 {[%clk 01:31:14]}
{[%emt 00:00:04]} 3. d4 {[%clk 01:31:45]} {[%emt 00:00:04]} cxd4 {[%clk
01:31:30]} {[%emt 00:00:15]} 4. Nxd4 {[%clk 01:32:09]} {[%emt 00:00:05]} g6
{[%clk 01:31:51]} {[%emt 00:00:08]} 5. c4 {[%clk 01:32:35]} {[%emt 00:00:05]}
Nf6 {[%clk 01:32:16]} {[%emt 00:00:06]} 6. Nc3 {[%clk 01:32:32]} {[%emt
00:00:32]} Nxd4 {[%clk 01:32:34]} {[%emt 00:00:12]} 7. Qxd4 {[%clk 01:32:43]}
{[%emt 00:00:19]} d6 {[%clk 01:32:52]} {[%emt 00:00:12]} 8. f3 {[%clk
01:31:52]} {[%emt 00:01:21]} Bg7 {[%clk 01:33:01]} {[%emt 00:00:21]} 9. Qd1
{[%clk 01:31:20]} {[%emt 00:01:01]} O-O {[%clk 01:33:09]} {[%emt 00:00:23]} 10.
Be2 {[%clk 01:29:25]} {[%emt 00:02:25]} Qb6 {[%clk 01:29:51]} {[%emt 00:03:49]}
11. Qc2 {[%clk 01:27:51]} {[%emt 00:02:04]} Be6 {[%clk 01:28:57]} {[%emt
00:01:23]} 12. b3 {[%clk 01:24:08]} {[%emt 00:04:13]} Rfc8 {[%clk 01:28:06]}
{[%emt 00:01:22]} 13. Bb2 {[%clk 01:17:44]} {[%emt 00:06:53]} a6 {[%clk
01:26:50]} {[%emt 00:01:46]} 14. Na4 {[%clk 01:15:46]} {[%emt 00:02:29]} Qc6
{[%clk 01:23:55]} {[%emt 00:03:24]} 15. Bd4 {[%clk 01:11:58]} {[%emt 00:04:17]}
Nd7 {[%clk 01:19:17]} {[%emt 00:05:09]} 16. Bxg7 {[%clk 01:11:00]} {[%emt
00:01:28]} Kxg7 {[%clk 01:18:39]} {[%emt 00:01:07]} 17. Qb2+ {[%clk 01:11:01]}
{[%emt 00:00:30]} Kg8 {[%clk 01:18:51]} {[%emt 00:00:18]} 18. Rc1 {[%clk
01:10:17]} {[%emt 00:01:14]} b5 {[%clk 01:12:52]} {[%emt 00:06:29]} 19. Nc3
{[%clk 01:04:05]} {[%emt 00:06:42]} bxc4 {[%clk 01:12:05]} {[%emt 00:01:17]}
20. b4 {[%clk 01:01:52]} {[%emt 00:02:43]} Rab8 {[%clk 01:09:33]} {[%emt
00:03:01]} 21. a3 {[%clk 01:01:25]} {[%emt 00:00:58]} Nb6 {[%clk 01:04:49]}
{[%emt 00:05:13]} 1/2-1/2

[Event "DEM U14w 2025"]
[Site "Willingen GER"]
[Date "2025.06.14"]
[Round "9"]
[White "Liu, Yuelin"]
[Black "Fruth, Julia"]
[Result "0-1"]
[Termination "normal"]
[Board "14"]
[WhiteElo "972"]
[BlackElo "1659"]
[WhiteClock "00:13:20"]
[BlackClock "00:28:31"]
[PlyCount "96"]
[WhiteFideId "533035970"]
[BlackFideId "34603050"]
[EventCountry "GER"]
[EventRounds "9"]
[EventType "swiss"]
[EventDate "2025.06.07"]

1. e4 {[%clk 01:30:57]} {[%emt 00:00:02]} c5 {[%clk 01:30:53]} {[%emt
00:00:07]} 2. Nf3 {[%clk 01:31:21]} {[%emt 00:00:07]} d6 {[%clk 01:31:16]}
{[%emt 00:00:06]} 3. d4 {[%clk 01:31:44]} {[%emt 00:00:08]} cxd4 {[%clk
01:31:28]} {[%emt 00:00:16]} 4. Nxd4 {[%clk 01:32:09]} {[%emt 00:00:06]} Nf6
{[%clk 01:31:47]} {[%emt 00:00:11]} 5. f3 {[%clk 01:32:17]} {[%emt 00:00:23]}
e5 {[%clk 01:31:56]} {[%emt 00:00:20]} 6. Nb3 {[%clk 01:31:53]} {[%emt
00:00:55]} Be6 {[%clk 01:32:14]} {[%emt 00:00:11]} 7. Nc3 {[%clk 01:31:55]}
{[%emt 00:00:28]} a6 {[%clk 01:29:58]} {[%emt 00:02:45]} 8. a4 {[%clk
01:26:20]} {[%emt 00:06:07]} Be7 {[%clk 01:27:09]} {[%emt 00:03:17]} 9. Be3
{[%clk 01:24:18]} {[%emt 00:02:33]} O-O {[%clk 01:23:34]} {[%emt 00:04:05]} 10.
Qd2 {[%clk 01:17:01]} {[%emt 00:07:47]} Nbd7 {[%clk 01:21:08]} {[%emt
00:02:55]} 11. Nd5 {[%clk 01:07:59]} {[%emt 00:09:33]} Bxd5 {[%clk 01:19:10]}
{[%emt 00:02:28]} 12. exd5 {[%clk 01:08:06]} {[%emt 00:00:23]} Nb6 {[%clk
01:18:36]} {[%emt 00:01:03]} 13. Bxb6 {[%clk 01:06:16]} {[%emt 00:02:21]} Qxb6
{[%clk 01:18:42]} {[%emt 00:00:23]} 14. a5 {[%clk 01:05:37]} {[%emt 00:01:11]}
Qc7 {[%clk 01:17:05]} {[%emt 00:02:06]} 15. Bd3 {[%clk 01:04:53]} {[%emt
00:01:14]} Rac8 {[%clk 01:16:09]} {[%emt 00:01:23]} 16. c4 {[%clk 01:04:15]}
{[%emt 00:01:11]} Nh5 {[%clk 01:11:05]} {[%emt 00:05:29]} 17. Qc2 {[%clk
00:57:53]} {[%emt 00:06:58]} Nf6 {[%clk 01:08:56]} {[%emt 00:02:38]} 18. Rc1
{[%clk 00:56:49]} {[%emt 00:01:32]} Rfe8 {[%clk 01:06:03]} {[%emt 00:03:22]}
19. Bf5 {[%clk 00:56:00]} {[%emt 00:01:21]} Rcd8 {[%clk 01:03:48]} {[%emt
00:02:45]} 20. g4 {[%clk 00:46:04]} {[%emt 00:10:26]} g6 {[%clk 00:59:10]}
{[%emt 00:05:08]} 21. g5 {[%clk 00:38:29]} {[%emt 00:08:06]} Nh5 {[%clk
00:56:52]} {[%emt 00:02:47]} 22. Rg1 {[%clk 00:32:37]} {[%emt 00:06:23]} gxf5
{[%clk 00:54:30]} {[%emt 00:02:52]} 23. Qxf5 {[%clk 00:32:18]} {[%emt
00:00:49]} Ng7 {[%clk 00:54:11]} {[%emt 00:00:47]} 24. Qh3 {[%clk 00:28:37]}
{[%emt 00:04:13]} b6 {[%clk 00:52:54]} {[%emt 00:01:46]} 25. Rc2 {[%clk
00:25:22]} {[%emt 00:03:46]} bxa5 {[%clk 00:51:59]} {[%emt 00:01:25]} 26. Nd2
{[%clk 00:23:46]} {[%emt 00:02:07]} Qc5 {[%clk 00:48:50]} {[%emt 00:03:37]} 27.
Kf1 {[%clk 00:19:26]} {[%emt 00:04:51]} Qe3 {[%clk 00:46:31]} {[%emt 00:02:48]}
28. Ne4 {[%clk 00:19:39]} {[%emt 00:00:18]} Qd3+ {[%clk 00:40:52]} {[%emt
00:06:08]} 29. Re2 {[%clk 00:19:34]} {[%emt 00:00:36]} Kh8 {[%clk 00:39:44]}
{[%emt 00:01:38]} 30. Rg4 {[%clk 00:19:21]} {[%emt 00:00:44]} Nf5 {[%clk
00:37:29]} {[%emt 00:02:44]} 31. Kf2 {[%clk 00:16:25]} {[%emt 00:03:26]} Rg8
{[%clk 00:29:39]} {[%emt 00:08:20]} 32. Rg2 {[%clk 00:12:44]} {[%emt 00:04:11]}
Qd4+ {[%clk 00:27:41]} {[%emt 00:02:27]} 33. Kf1 {[%clk 00:12:34]} {[%emt
00:00:39]} Ne3+ {[%clk 00:27:08]} {[%emt 00:01:05]} 34. Rxe3 {[%clk 00:12:53]}
{[%emt 00:00:12]} Qxe3 {[%clk 00:27:24]} {[%emt 00:00:13]} 35. Nf6 {[%clk
00:11:15]} {[%emt 00:02:08]} Bxf6 {[%clk 00:27:26]} {[%emt 00:00:27]} 36. gxf6
{[%clk 00:11:16]} {[%emt 00:00:29]} Qc1+ {[%clk 00:26:47]} {[%emt 00:01:09]}
37. Kf2 {[%clk 00:11:30]} {[%emt 00:00:17]} Qxb2+ {[%clk 00:27:07]} {[%emt
00:00:10]} 38. Kf1 {[%clk 00:11:44]} {[%emt 00:00:16]} Qxg2+ {[%clk 00:27:30]}
{[%emt 00:00:07]} 39. Qxg2 {[%clk 00:11:51]} {[%emt 00:00:23]} Rxg2 {[%clk
00:27:53]} {[%emt 00:00:06]} 40. Kxg2 {[%clk 00:12:14]} {[%emt 00:00:09]} a4
{[%clk 00:27:49]} {[%emt 00:00:33]} 41. Kf2 {[%clk 00:12:00]} {[%emt 00:00:44]}
a3 {[%clk 00:28:02]} {[%emt 00:00:16]} 42. Ke3 {[%clk 00:12:05]} {[%emt
00:00:26]} a2 {[%clk 00:28:24]} {[%emt 00:00:08]} 43. f4 {[%clk 00:11:58]}
{[%emt 00:00:37]} a1=Q {[%clk 00:28:00]} {[%emt 00:00:53]} 44. fxe5 {[%clk
00:12:26]} {[%emt 00:00:03]} Qxe5+ {[%clk 00:28:18]} {[%emt 00:00:12]} 45. Kd3
{[%clk 00:12:50]} {[%emt 00:00:06]} Rb8 {[%clk 00:28:08]} {[%emt 00:00:39]} 46.
Kc2 {[%clk 00:13:04]} {[%emt 00:00:17]} Qe3 {[%clk 00:28:03]} {[%emt 00:00:34]}
47. Kd1 {[%clk 00:13:05]} {[%emt 00:00:30]} Rb2 {[%clk 00:28:12]} {[%emt
00:00:20]} 48. c5 {[%clk 00:13:20]} {[%emt 00:00:16]} Qg1# {[%clk 00:28:31]}
{[%emt 00:00:09]} 0-1